[Event "CCT Final KO"]
[Site "Toronto CAN"]
[Date "2023.12.14"]
[Round "1.22"]
[White "Abdusattorov, Nodirbek"]
[Black "So, Wesley"]
[Result "0-1"]
[WhiteElo "2727"]
[BlackElo "2752"]
[PlyCount "62"]
[EventDate "2023.12.13"]
[EventType "k.o."]
[EventRounds "2"]
[EventCountry "CAN"]
[Source "ChessMix"]
[SourceDate "2023.12.20"]

1. d4 d5 2. c4 c6 3. Nc3 Nf6 4. Nf3 e6 5. e3 Nbd7 6. Bd3 dxc4 7. Bxc4 b5 8. Bd3
Bd6 9. O-O O-O 10. Qc2 Bb7 11. Ng5 h6 12. Nge4 Be7 13. a3 a5 14. Bd2 Rc8 15.
Nxf6+ Nxf6 16. Ne4 c5 17. Nxf6+ Bxf6 18. dxc5 Bxb2 19. Rad1 Bxa3 20. Bb4 Bxb4
21. Bh7+ Kh8 22. Rxd8 Rfxd8 23. Be4 Rxc5 24. Qb1 Bxe4 25. Qxe4 Bc3 26. Qb7 a4
27. Qa7 Rcc8 28. Qa6 Ra8 29. Qxb5 a3 30. Qb3 Bf6 31. Qa2 Rdb8 0-1

[Event "CCT Final KO"]
[Site "Toronto CAN"]
[Date "2023.12.14"]
[Round "1.22"]
[White "Caruana, Fabiano"]
[Black "Carlsen, Magnus"]
[Result "1/2-1/2"]
[WhiteElo "2794"]
[BlackElo "2830"]
[PlyCount "131"]
[EventDate "2023.12.13"]
[EventType "k.o."]
[EventRounds "2"]
[EventCountry "CAN"]
[Source "ChessMix"]
[SourceDate "2023.12.20"]

1. e4 e5 2. Nf3 Nc6 3. Bc4 Nf6 4. d3 Bc5 5. Bg5 h6 6. Bh4 Be7 7. Bg3 d6 8. a4
O-O 9. a5 Be6 10. Bxe6 fxe6 11. O-O b5 12. axb6 axb6 13. Nc3 Qd7 14. Qd2 Nd4
15. Nxd4 exd4 16. Ne2 e5 17. c3 c5 18. cxd4 cxd4 19. Qb4 b5 20. Qb3+ Kh7 21.
Rxa8 Rxa8 22. h3 Rc8 23. f4 Nh5 24. fxe5 Nxg3 25. Nxg3 dxe5 26. Rf7 Qd8 27. Qe6
Bf8 28. Nf5 Rc1+ 29. Kh2 Qg5 30. Nh4 Bb4 31. Nf3 Qg6 32. Qxg6+ Kxg6 33. Nxe5+
Kh7 34. Rd7 Rc2 35. Rxd4 Bd2 36. Kg3 Be1+ 37. Kf3 Rf2+ 38. Ke3 Rxb2 39. Rd7
Rxg2 40. d4 b4 41. Rb7 Bc3 42. Nf3 Rg3 43. d5 Kg6 44. Kf4 Rxh3 45. e5 Rh1 46.
d6 Rd1 47. Nh4+ Kh5 48. Nf5 g5+ 49. Ke4 Re1+ 50. Ne3 Bxe5 51. d7 Bf6 52. Rxb4
g4 53. Kf5 Rxe3 54. Kxf6 Rd3 55. Ke6 Kh4 56. Rb5 Rxd7 57. Kxd7 g3 58. Ke6 g2
59. Rb1 Kg3 60. Kf5 h5 61. Rb3+ Kh2 62. Rb2 h4 63. Kg4 h3 64. Rb1 g1=R+ 65.
Rxg1 Kxg1 66. Kxh3 1/2-1/2

[Event "CCT Final KO"]
[Site "Toronto CAN"]
[Date "2023.12.14"]
[Round "1.23"]
[White "Carlsen, Magnus"]
[Black "Caruana, Fabiano"]
[Result "1-0"]
[WhiteElo "2830"]
[BlackElo "2794"]
[PlyCount "133"]
[EventDate "2023.12.13"]
[EventType "k.o."]
[EventRounds "2"]
[EventCountry "CAN"]
[Source "ChessMix"]
[SourceDate "2023.12.20"]

1. d4 Nf6 2. c4 e6 3. Nf3 d5 4. Nc3 c5 5. cxd5 cxd4 6. Qxd4 exd5 7. e4 dxe4 8.
Qxd8+ Kxd8 9. Ne5 Be6 10. Bg5 Bd6 11. O-O-O Ke7 12. Nc4 Bb4 13. Nd5+ Bxd5 14.
Rxd5 Nc6 15. a3 Be1 16. Rf5 Nd4 17. Re5+ Ne6 18. Bh4 g5 19. Bxg5 Bxf2 20. Rxe4
Rac8 21. Kb1 Rc5 22. Bxf6+ Kxf6 23. Be2 Bd4 24. Rf1+ Ke7 25. Ne3 Bxe3 26. Rxe3
h5 27. Rf4 b6 28. Ra4 a5 29. Rh4 Rg8 30. g3 Rgg5 31. Rhe4 Rgf5 32. Bc4 Rc6 33.
Re2 Kf6 34. Rh4 Rd6 35. Ka2 b5 36. Bb3 a4 37. Bc2 Rc5 38. Kb1 Rcd5 39. Rf2+ Ke7
40. Rf5 Rxf5 41. Bxf5 Rd5 42. Be4 Rc5 43. Bf3 Ng7 44. Rb4 Ne8 45. Be2 Nd6 46.
Rh4 Re5 47. Bd3 Rc5 48. Be2 Re5 49. Bxh5 Nc4 50. Kc2 Re3 51. Bd1 Re1 52. Bf3
Re3 53. Re4+ Rxe4 54. Bxe4 Kd6 55. Bd3 Ne3+ 56. Kd2 Ng4 57. h3 Nf2 58. Bxb5
Nxh3 59. Bxa4 Ng5 60. Ke3 Ke5 61. Bc2 Ne6 62. g4 f6 63. a4 Nd4 64. Be4 Nb3 65.
Bd3 Nc5 66. a5 Ne6 67. a6 1-0

[Event "CCT Final KO"]
[Site "Toronto CAN"]
[Date "2023.12.14"]
[Round "1.23"]
[White "So, Wesley"]
[Black "Abdusattorov, Nodirbek"]
[Result "0-1"]
[WhiteElo "2752"]
[BlackElo "2727"]
[PlyCount "130"]
[EventDate "2023.12.13"]
[EventType "k.o."]
[EventRounds "2"]
[EventCountry "CAN"]
[Source "ChessMix"]
[SourceDate "2023.12.20"]

1. e4 e5 2. Nf3 Nc6 3. d4 exd4 4. Nxd4 Bb4+ 5. c3 Bc5 6. Nf5 d6 7. Nxg7+ Kf8 8.
Nh5 Qh4 9. Ng3 Nf6 10. Be2 Ne5 11. f3 Rg8 12. Kd2 Be6 13. Kc2 Rd8 14. b4 Bb6
15. Bb2 d5 16. Na3 c5 17. bxc5 dxe4 18. cxb6 Rxd1 19. Raxd1 exf3 20. Rd4 Qg5
21. bxa7 Qg6+ 22. Bd3 Nxd3 23. a8=Q+ Kg7 24. Qa5 Nf2+ 25. Kc1 Nxh1 26. gxf3
Nxg3 27. hxg3 Qxg3 28. c4 Kg6 29. Rd1 Rc8 30. Kb1 Qxf3 31. Rg1+ Ng4 32. Ka1 h5
33. Qe5 Rg8 34. Nb5 Qf2 35. Qe4+ Bf5 36. Qh1 Re8 37. Nd6 Re2 38. Nxf5 Rxb2 39.
Rg2 Rxa2+ 40. Kb1 Rb2+ 41. Ka1 Ra2+ 42. Kb1 Qxf5+ 43. Kxa2 Qe4 44. Kb3 f5 45.
Rg1 Qe3+ 46. Kb4 h4 47. Re1 Qd2+ 48. Kb5 Kg5 49. Rb1 Qd7+ 50. Kb6 Qe6+ 51. Kb5
Qe4 52. Qxe4 fxe4 53. Kb6 Ne5 54. Kc5 h3 55. Kd4 Kf4 56. Rxb7 e3 57. Rb1 e2 58.
c5 h2 59. Kc3 Ke3 60. Rh1 Nc6 61. Kc2 Ne7 62. Kc3 Nc6 63. Kc2 Nd4+ 64. Kc3 Nf3
65. c6 Ng1 0-1

[Event "CCT Final KO"]
[Site "Toronto CAN"]
[Date "2023.12.14"]
[Round "1.24"]
[White "Abdusattorov, Nodirbek"]
[Black "So, Wesley"]
[Result "1/2-1/2"]
[WhiteElo "2727"]
[BlackElo "2752"]
[PlyCount "60"]
[EventDate "2023.12.13"]
[EventType "k.o."]
[EventRounds "2"]
[EventCountry "CAN"]
[Source "ChessMix"]
[SourceDate "2023.12.20"]

1. d4 d5 2. c4 c6 3. Nc3 Nf6 4. Nf3 a6 5. c5 Bf5 6. Bf4 Nbd7 7. e3 Nh5 8. Be5
f6 9. Bg3 e5 10. b4 g6 11. Bh4 Be7 12. Be2 Be6 13. h3 O-O 14. O-O g5 15. Ne1
Ng7 16. Bg3 e4 17. Nc2 f5 18. f4 exf3 19. Bxf3 Qe8 20. Be2 Qg6 21. Bd3 Qh6 22.
Bh2 Nh5 23. Be2 Ndf6 24. Be5 g4 25. h4 Nd7 26. Bf4 Nxf4 27. exf4 Qxh4 28. Re1
Nf6 29. Ne3 Ne4 30. Nxe4 dxe4 1/2-1/2

[Event "CCT Final KO"]
[Site "Toronto CAN"]
[Date "2023.12.14"]
[Round "1.24"]
[White "Caruana, Fabiano"]
[Black "Carlsen, Magnus"]
[Result "1-0"]
[WhiteElo "2794"]
[BlackElo "2830"]
[PlyCount "71"]
[EventDate "2023.12.13"]
[EventType "k.o."]
[EventRounds "2"]
[EventCountry "CAN"]
[Source "ChessMix"]
[SourceDate "2023.12.20"]

1. e4 e5 2. Nf3 Nc6 3. Bc4 Nf6 4. d3 Bc5 5. Bg5 h6 6. Bh4 Be7 7. Bg3 d6 8. a4
O-O 9. a5 Be6 10. Bxe6 fxe6 11. c3 b5 12. Qb3 Qd7 13. O-O a6 14. Nbd2 Nh5 15.
Rfd1 g5 16. h3 Nf4 17. Bxf4 Rxf4 18. d4 Raf8 19. d5 Nd8 20. Nf1 h5 21. Ne3 g4
22. hxg4 hxg4 23. Nh2 Rxf2 24. Nexg4 R2f4 25. c4 bxc4 26. Qg3 Kh7 27. Qh3+ Kg8
28. Ra3 Bg5 29. Rg3 Qg7 30. Nf3 Rxf3 31. gxf3 Kf7 32. Nf2 Ke7 33. Rc1 Rh8 34.
Qg4 Nf7 35. Rxc4 Kd8 36. dxe6 1-0

[Event "CCT Final KO"]
[Site "Toronto CAN"]
[Date "2023.12.14"]
[Round "1.25"]
[White "Carlsen, Magnus"]
[Black "Caruana, Fabiano"]
[Result "1-0"]
[WhiteElo "2830"]
[BlackElo "2794"]
[PlyCount "71"]
[EventDate "2023.12.13"]
[EventType "k.o."]
[EventRounds "2"]
[EventCountry "CAN"]
[Source "ChessMix"]
[SourceDate "2023.12.20"]

1. e4 e5 2. Nf3 Nc6 3. Bb5 a6 4. Ba4 Nf6 5. O-O Nxe4 6. d4 Be7 7. Re1 b5 8. Bb3
d5 9. dxe5 Be6 10. c3 O-O 11. h3 Qd7 12. Bc2 Rad8 13. Nbd2 Nxd2 14. Qxd2 Bf5
15. Bxf5 Qxf5 16. Qf4 Qxf4 17. Bxf4 d4 18. Rac1 dxc3 19. Rxc3 Nb4 20. Rxc7 Rfe8
21. Bg5 Bxg5 22. Nxg5 f6 23. Nf7 Rd2 24. e6 h5 25. Re4 Nxa2 26. Rc6 Rd5 27.
Rxa6 Nc1 28. Rd6 Rc5 29. Rd7 Nb3 30. Nd6 Rc1+ 31. Kh2 Nd2 32. g4 Nxe4 33. Nxe8
Re1 34. e7 f5 35. g5 Nxg5 36. Nxg7 1-0

[Event "CCT Final KO"]
[Site "Toronto CAN"]
[Date "2023.12.14"]
[Round "1.31"]
[White "So, Wesley"]
[Black "Abdusattorov, Nodirbek"]
[Result "1/2-1/2"]
[WhiteElo "2752"]
[BlackElo "2727"]
[PlyCount "122"]
[EventDate "2023.12.13"]
[EventType "k.o."]
[EventRounds "2"]
[EventCountry "CAN"]
[Source "ChessMix"]
[SourceDate "2023.12.20"]

1. e4 e5 2. Nf3 Nc6 3. Bc4 Nf6 4. Ng5 d5 5. exd5 Na5 6. Bb5+ c6 7. dxc6 bxc6 8.
Bd3 Ng4 9. Ne4 f5 10. Be2 h5 11. h3 fxe4 12. hxg4 Bc5 13. Nc3 Qd4 14. O-O O-O
15. Qe1 hxg4 16. d3 exd3 17. Bxd3 Rxf2 18. Qxf2 Qxf2+ 19. Rxf2 g3 20. Ne4 gxf2+
21. Kf1 Bd4 22. Bd2 Nb7 23. c3 Bb6 24. Bc4+ Kh7 25. Nxf2 Bf5 26. Re1 Nd6 27.
Bb3 Re8 28. Be3 Bxe3 29. Rxe3 Kg6 30. Ba4 Nc4 31. Rg3+ Kf6 32. b3 Na5 33. Ke2
e4 34. Ng4+ Bxg4+ 35. Rxg4 g5 36. Rg3 Rh8 37. b4 Nc4 38. Bxc6 Kf5 39. Bd7+ Kf6
40. Bc6 Kf5 41. Bd7+ Kf6 42. Rh3 Rd8 43. Rh7 e3 44. a4 a5 45. bxa5 Nxa5 46.
Kxe3 Kg6 47. Re7 Kf6 48. Rh7 Kg6 49. Re7 Kf6 50. Re6+ Kf7 51. Ra6 Nc4+ 52. Kd4
Na3 53. Ra7 Ke7 54. Ke4 Rxd7 55. Rxd7+ Kxd7 56. Kf5 Nb1 57. c4 Nd2 58. Kxg5
Nxc4 59. Kf4 Nd6 60. g4 Nf7 61. g5 Nxg5 1/2-1/2

[Event "CCT Final KO"]
[Site "Toronto CAN"]
[Date "2023.12.14"]
[Round "1.32"]
[White "Abdusattorov, Nodirbek"]
[Black "So, Wesley"]
[Result "1/2-1/2"]
[WhiteElo "2727"]
[BlackElo "2752"]
[PlyCount "89"]
[EventDate "2023.12.13"]
[EventType "k.o."]
[EventRounds "2"]
[EventCountry "CAN"]
[Source "ChessMix"]
[SourceDate "2023.12.20"]

1. e4 e5 2. Nf3 Nc6 3. Bb5 Nf6 4. d3 Bc5 5. Ba4 O-O 6. O-O Re8 7. c3 d5 8. Nbd2
h6 9. Re1 dxe4 10. dxe4 a5 11. Qe2 Bd7 12. Nf1 Rb8 13. Ng3 Bd6 14. Bb5 Ne7 15.
Nh4 Bxb5 16. Qxb5 Qd7 17. Qxd7 Nxd7 18. Nhf5 Nxf5 19. Nxf5 Bc5 20. Kf1 h5 21.
Rd1 Red8 22. Ke2 g6 23. Ne3 Nb6 24. Rxd8+ Rxd8 25. b3 a4 26. Nc2 f6 27. b4 Bf8
28. Na3 Kf7 29. Be3 Nc8 30. f3 Ke6 31. Nc4 Nd6 32. Rd1 Be7 33. Nxd6 Bxd6 34. b5
f5 35. c4 Ra8 36. c5 Be7 37. Kd3 a3 38. Rc1 fxe4+ 39. fxe4 Ra5 40. Rb1 Ra4 41.
h3 Kd7 42. Rb3 Ke6 43. Rb1 Kd7 44. Rb3 Ke6 45. Rb1 1/2-1/2

[Event "CCT Final KO"]
[Site "Toronto CAN"]
[Date "2023.12.14"]
[Round "1.33"]
[White "So, Wesley"]
[Black "Abdusattorov, Nodirbek"]
[Result "1-0"]
[WhiteElo "2752"]
[BlackElo "2727"]
[PlyCount "101"]
[EventDate "2023.12.13"]
[EventType "k.o."]
[EventRounds "2"]
[EventCountry "CAN"]
[Source "ChessMix"]
[SourceDate "2023.12.20"]

1. c4 e6 2. g3 d5 3. Bg2 Nf6 4. Nf3 c5 5. cxd5 exd5 6. d4 Be7 7. O-O O-O 8.
dxc5 Bxc5 9. a3 h6 10. b4 Be7 11. Bb2 a5 12. b5 Nbd7 13. Nc3 Nb6 14. Na4 Nc4
15. Bd4 Bd7 16. Qb3 Ne4 17. Rfd1 Be6 18. Nb2 Ncd6 19. a4 Nf5 20. Nd3 Rc8 21.
Rac1 Qd6 22. Be5 Qb6 23. Qb2 Bf6 24. Bxf6 Nxf6 25. Nd2 Nd4 26. Nf4 Bg4 27. Nf1
Rxc1 28. Rxc1 Rd8 29. Ne3 Be6 30. Rd1 Nf5 31. Nexd5 Bxd5 32. Nxd5 Nxd5 33. Bxd5
Ne7 34. Bb3 Rxd1+ 35. Bxd1 Qd6 36. Bb3 b6 37. Qc2 g5 38. Qe4 Kg7 39. e3 Qf6 40.
Kg2 Kf8 41. Qa8+ Kg7 42. Qe4 Kf8 43. Qa8+ Kg7 44. Qd8 Qe5 45. Qxb6 Qe4+ 46. f3
Qb1 47. Qd4+ f6 48. Qc4 Qg6 49. b6 Qe8 50. b7 Nc6 51. Qxc6 1-0

[Event "CCT Final KO"]
[Site "Toronto CAN"]
[Date "2023.12.15"]
[Round "2.11"]
[White "So, Wesley"]
[Black "Carlsen, Magnus"]
[Result "1/2-1/2"]
[WhiteElo "2752"]
[BlackElo "2830"]
[PlyCount "88"]
[EventDate "2023.12.13"]
[EventType "k.o."]
[EventRounds "2"]
[EventCountry "CAN"]
[Source "ChessMix"]
[SourceDate "2023.12.20"]

1. b3 g6 2. Bb2 Nf6 3. c4 b6 4. Nf3 Bg7 5. d4 O-O 6. g3 Bb7 7. Bg2 e6 8. O-O
Na6 9. e3 d5 10. cxd5 exd5 11. Nc3 Qe7 12. Rc1 Rfd8 13. Re1 c5 14. Nb5 Ne4 15.
Qe2 Nb4 16. a3 Na2 17. Ra1 a6 18. dxc5 axb5 19. Bxg7 Kxg7 20. Qxa2 bxc5 21. b4
cxb4 22. Qb2+ Qf6 23. Qxb4 d4 24. exd4 Nd6 25. Ne5 Ra4 26. Qb2 Bxg2 27. Kxg2
Nc4 28. Qxb5 Rxd4 29. Nf3 Ra5 30. Qb3 Nd2 31. Qc3 Nxf3 32. Qxf3 Qxf3+ 33. Kxf3
g5 34. h3 h5 35. Kg2 Rd3 36. Re3 Rxe3 37. fxe3 Ra4 38. Kf3 f5 39. Ke2 Kf6 40.
Ra2 Ke5 41. Kf3 h4 42. gxh4 Rxh4 43. Kg2 Ra4 44. Kf3 Rh4 1/2-1/2

[Event "CCT Final KO"]
[Site "Toronto CAN"]
[Date "2023.12.15"]
[Round "2.12"]
[White "Carlsen, Magnus"]
[Black "So, Wesley"]
[Result "1/2-1/2"]
[WhiteElo "2830"]
[BlackElo "2752"]
[PlyCount "81"]
[EventDate "2023.12.13"]
[EventType "k.o."]
[EventRounds "2"]
[EventCountry "CAN"]
[Source "ChessMix"]
[SourceDate "2023.12.20"]

1. c4 e5 2. Nc3 Nf6 3. Nf3 Nc6 4. g3 d5 5. cxd5 Nxd5 6. Bg2 Nf6 7. O-O h6 8. a3
a5 9. b3 Bd6 10. d4 O-O 11. Bb2 e4 12. Nd2 Nxd4 13. Ndxe4 Be5 14. Nxf6+ Bxf6
15. e3 Nb5 16. Nxb5 Bxb2 17. Qxd8 Rxd8 18. Nxc7 Bxa1 19. Nxa8 Bb2 20. Nb6 Bxa3
21. Nxc8 Rxc8 22. Bxb7 Rc1 23. Rxc1 Bxc1 24. Kf1 g5 25. Ke2 Ba3 26. f4 gxf4 27.
gxf4 f6 28. Kf3 Kg7 29. Kg4 Bc5 30. e4 Kg6 31. Bc8 Bd6 32. Bf5+ Kf7 33. h4 Bc7
34. Bd7 Bb8 35. Kf5 Bd6 36. Bb5 Bc7 37. Bc4+ Ke7 38. e5 fxe5 39. fxe5 Bb6 40.
h5 Bd4 41. Ke4 1/2-1/2

[Event "CCT Final KO"]
[Site "Toronto CAN"]
[Date "2023.12.15"]
[Round "2.13"]
[White "So, Wesley"]
[Black "Carlsen, Magnus"]
[Result "0-1"]
[WhiteElo "2752"]
[BlackElo "2830"]
[PlyCount "120"]
[EventDate "2023.12.13"]
[EventType "k.o."]
[EventRounds "2"]
[EventCountry "CAN"]
[Source "ChessMix"]
[SourceDate "2023.12.20"]

1. e4 c5 2. Nf3 a6 3. Be2 d6 4. d4 cxd4 5. Qxd4 Nc6 6. Qd3 g6 7. O-O Bg7 8. Nc3
Nf6 9. Nd5 O-O 10. c3 b5 11. Bg5 Nxd5 12. exd5 Ne5 13. Nxe5 Bxe5 14. h4 Bf5 15.
Qd2 h5 16. Bd3 Qd7 17. Rae1 Rfe8 18. Re3 Rac8 19. Rfe1 Bxd3 20. Qxd3 Rc4 21. g3
Rec8 22. Re4 Kg7 23. Kg2 a5 24. a3 R8c5 25. f4 Rxe4 26. Rxe4 Bf6 27. Bxf6+ exf6
28. Rd4 Rc8 29. Re4 Rb8 30. Kh2 Qf5 31. Re3 Qxd3 32. Rxd3 Re8 33. Rd2 g5 34.
Kg2 gxh4 35. gxh4 Re3 36. f5 Kf8 37. Kf2 Re5 38. b4 axb4 39. axb4 Rxf5+ 40. Ke3
Re5+ 41. Kf4 Ke7 42. Rd4 Kd7 43. Rd1 Re2 44. Ra1 Rd2 45. Ra7+ Ke8 46. Kf5 Rf2+
47. Ke4 f5+ 48. Ke3 Rc2 49. Kf4 Rxc3 50. Kxf5 Rc4 51. Kg5 Rxb4 52. Rb7 Rb1 53.
Kxh5 b4 54. Kh6 f5 55. h5 f4 56. Kg5 f3 57. h6 f2 58. Rb8+ Kd7 59. Rb7+ Kc8 60.
h7 Rg1+ 0-1

[Event "CCT Final KO"]
[Site "Toronto CAN"]
[Date "2023.12.15"]
[Round "2.14"]
[White "Carlsen, Magnus"]
[Black "So, Wesley"]
[Result "1/2-1/2"]
[WhiteElo "2830"]
[BlackElo "2752"]
[PlyCount "98"]
[EventDate "2023.12.13"]
[EventType "k.o."]
[EventRounds "2"]
[EventCountry "CAN"]
[Source "ChessMix"]
[SourceDate "2023.12.20"]

1. e4 c5 2. c3 Nf6 3. e5 Nd5 4. Nf3 d6 5. d4 cxd4 6. Qxd4 e6 7. Bc4 Nc6 8. Qe4
Be7 9. O-O O-O 10. exd6 Qxd6 11. Re1 Rd8 12. Nbd2 b6 13. Qe2 Nf4 14. Qf1 Qc7
15. Nb3 Bf6 16. Be3 a6 17. Rad1 Bb7 18. Rxd8+ Bxd8 19. Rd1 Be7 20. Bxf4 Qxf4
21. Qe2 b5 22. Bd3 Rd8 23. g3 Qg4 24. Nfd4 Qxe2 25. Bxe2 Nxd4 26. Nxd4 Bc5 27.
Kf1 g6 28. Ke1 e5 29. Nb3 Rxd1+ 30. Bxd1 Bb6 31. Nd2 Bc6 32. Bf3 Bd7 33. Bd5
Kf8 34. b4 Ke7 35. c4 a5 36. cxb5 Bxb5 37. Nc4 Bxc4 38. Bxc4 axb4 39. g4 e4 40.
Ke2 f5 41. gxf5 gxf5 42. f3 e3 43. f4 h6 44. Bd3 Ke6 45. h3 Kf6 46. Kf3 Bc5 47.
Bc2 Bb6 48. Bd3 Bc5 49. Bc2 Bb6 1/2-1/2

[Event "CCT Final KO"]
[Site "Toronto CAN"]
[Date "2023.12.16"]
[Round "2.21"]
[White "So, Wesley"]
[Black "Carlsen, Magnus"]
[Result "0-1"]
[WhiteElo "2752"]
[BlackElo "2830"]
[PlyCount "118"]
[EventDate "2023.12.13"]
[EventType "k.o."]
[EventRounds "2"]
[EventCountry "CAN"]
[Source "ChessMix"]
[SourceDate "2023.12.20"]

1. b3 g6 2. Bb2 Nf6 3. g3 Bg7 4. c4 O-O 5. Bg2 d6 6. e3 e5 7. Ne2 Re8 8. Nbc3
c6 9. e4 a6 10. O-O b5 11. a3 Nbd7 12. d3 Rb8 13. Rb1 Nc5 14. Ba1 bxc4 15. bxc4
Rxb1 16. Qxb1 Be6 17. Rd1 Qb8 18. Qc2 Qb3 19. Qc1 Nfd7 20. d4 exd4 21. Nxd4
Bxd4 22. Rxd4 Ne5 23. Rxd6 Ncd3 24. Qd1 Qxa3 25. c5 Bb3 26. Qf1 Bc4 27. Ne2
Qxc5 28. Rd4 Qa3 29. h3 Nc5 30. Qc1 Qxc1+ 31. Nxc1 Bb5 32. f4 Nc4 33. e5 Ne6
34. Rd7 c5 35. Rd3 a5 36. Rb3 Rd8 37. Nd3 a4 38. Rxb5 Rxd3 39. Rb8+ Kg7 40. Rb1
Rxg3 41. Kh2 Ra3 42. f5 gxf5 43. Rg1 Kf8 44. Rc1 Ne3 45. Bc6 Nd4 46. Bxd4 cxd4
47. Bb5 f4 48. Rc8+ Kg7 49. Rc7 Ra2+ 50. Kh1 Kg6 51. Bd3+ Kg5 52. Rxf7 Rd2 53.
e6 Rxd3 54. e7 Rd1+ 55. Kh2 Nf1+ 56. Kg2 Re1 57. Kf2 Re3 58. Kxf1 a3 59. h4+
Kg4 0-1

[Event "CCT Final KO"]
[Site "Toronto CAN"]
[Date "2023.12.16"]
[Round "2.22"]
[White "Carlsen, Magnus"]
[Black "So, Wesley"]
[Result "0-1"]
[WhiteElo "2830"]
[BlackElo "2752"]
[PlyCount "112"]
[EventDate "2023.12.13"]
[EventType "k.o."]
[EventRounds "2"]
[EventCountry "CAN"]
[Source "ChessMix"]
[SourceDate "2023.12.20"]

1. e4 c5 2. Nf3 d6 3. Bc4 Nf6 4. d3 e6 5. O-O Be7 6. a4 d5 7. Bb5+ Kf8 8. e5
Ng8 9. a5 a6 10. Ba4 Qxa5 11. c4 d4 12. Nbd2 Qc7 13. Ne4 Bd7 14. Bxd7 Nxd7 15.
Bf4 h6 16. h4 g6 17. b4 cxb4 18. Nxd4 Rd8 19. Qf3 Kg7 20. Nd6 Bxd6 21. exd6 Qc8
22. Rfe1 Ngf6 23. Nb3 Rhe8 24. Bc1 e5 25. Bb2 b6 26. g4 Kg8 27. Nd2 Re6 28. g5
hxg5 29. hxg5 Nh7 30. Qg3 Rxd6 31. d4 Rxd4 32. Bxd4 exd4 33. Re7 Nc5 34. Rae1
Rf8 35. Qh4 b3 36. Kg2 Qf5 37. R7e5 Qd7 38. Rd5 Qc7 39. Rh1 f6 40. Ne4 fxg5 41.
Nxg5 Nd3 42. Ne6 Qf7 43. Qxh7+ Qxh7 44. Rxh7 Kxh7 45. Nxf8+ Kg8 46. Rd6 b2 47.
Rxb6 a5 48. Rb3 a4 49. Rb8 a3 50. Ne6+ Kf7 51. Ng5+ Kg7 52. Rb7+ Kg8 53. Ne4 a2
54. Nf6+ Kf8 55. Rd7 Nf4+ 56. Kf3 Nh5 0-1

[Event "CCT Final KO"]
[Site "Toronto CAN"]
[Date "2023.12.16"]
[Round "2.23"]
[White "So, Wesley"]
[Black "Carlsen, Magnus"]
[Result "1/2-1/2"]
[WhiteElo "2752"]
[BlackElo "2830"]
[PlyCount "90"]
[EventDate "2023.12.13"]
[EventType "k.o."]
[EventRounds "2"]
[EventCountry "CAN"]
[Source "ChessMix"]
[SourceDate "2023.12.20"]

1. d4 Nf6 2. c4 e6 3. Nc3 Bb4 4. Qc2 d5 5. a3 Bxc3+ 6. Qxc3 Ne4 7. Qc2 c5 8.
dxc5 Nc6 9. Nf3 Qa5+ 10. Bd2 Qxc5 11. e3 Nxd2 12. Nxd2 dxc4 13. Bxc4 O-O 14.
Rc1 Rd8 15. O-O Bd7 16. b4 Qe7 17. Qb2 Be8 18. Be2 Rac8 19. Rfd1 h6 20. h3 b6
21. Nf3 Rxd1+ 22. Bxd1 Qb7 23. Rc4 Ne7 24. Rg4 Ng6 25. Bc2 Qc7 26. Bxg6 Qc1+
27. Qxc1 Rxc1+ 28. Kh2 fxg6 29. Ne5 g5 30. Rc4 Rxc4 31. Nxc4 Kf8 32. Kg3 Ke7
33. f4 Bb5 34. Nd2 gxf4+ 35. Kxf4 Kd6 36. Ne4+ Kc6 37. Nc3 Bf1 38. Kf3 Kd6 39.
h4 Ke5 40. g3 Ba6 41. Kf2 Bb7 42. Ke2 Bc6 43. Kf2 Kf5 44. Ke2 Kg4 45. Kf2 Kf5
1/2-1/2

[Event "CCT Final KO"]
[Site "Toronto CAN"]
[Date "2023.12.16"]
[Round "2.24"]
[White "Carlsen, Magnus"]
[Black "So, Wesley"]
[Result "1-0"]
[WhiteElo "2830"]
[BlackElo "2752"]
[PlyCount "61"]
[EventDate "2023.12.13"]
[EventType "k.o."]
[EventRounds "2"]
[EventCountry "CAN"]
[Source "ChessMix"]
[SourceDate "2023.12.20"]

1. d4 Nf6 2. c4 e6 3. Nf3 d5 4. Nc3 c5 5. cxd5 cxd4 6. Qxd4 exd5 7. e4 dxe4 8.
Qxd8+ Kxd8 9. Ng5 Be6 10. Bd2 Nbd7 11. Ncxe4 Nxe4 12. Nxe4 h6 13. Bc3 Rc8 14.
Bd3 f6 15. O-O Ke8 16. Be2 Kf7 17. f4 Bc5+ 18. Nxc5 Rxc5 19. Rad1 Nb6 20. Bd4
Ra5 21. b4 Rd5 22. Bf3 Rb5 23. Bc5 Na4 24. Be2 Rxc5 25. bxc5 Nc3 26. Bh5+ g6
27. Rd3 Bc4 28. Rd7+ Ke6 29. Rd6+ Kf7 30. Rc1 Ne4 31. Rd4 1-0

[Event "CCT Playoff"]
[Site "Toronto CAN"]
[Date "2023.12.09"]
[Round "1.1"]
[White "Abdusattorov, Nodirbek"]
[Black "Firouzja, Alireza"]
[Result "1/2-1/2"]
[WhiteElo "2727"]
[BlackElo "2763"]
[PlyCount "126"]
[EventDate "2023.12.09"]
[EventType "tourn"]
[EventRounds "7"]
[EventCountry "CAN"]
[EventCategory "20"]
[Source "ChessMix"]
[SourceDate "2023.12.20"]

1. e4 e5 2. Nf3 Nc6 3. Bb5 Nf6 4. O-O Nxe4 5. d4 Nd6 6. Bxc6 dxc6 7. dxe5 Nf5
8. Qxd8+ Kxd8 9. h3 h6 10. Nc3 Bd7 11. b3 c5 12. Rd1 Kc8 13. Nd5 a5 14. a4 Ne7
15. c4 Bf5 16. Ra2 Nxd5 17. cxd5 Be7 18. Nd2 Rd8 19. Nc4 b6 20. Re2 h5 21. f3
h4 22. d6 Be6 23. Ree1 Bf8 24. Bg5 Rd7 25. Bxh4 Kb7 26. dxc7 Rxd1 27. Rxd1 Kxc7
28. Be1 Be7 29. g4 Kc6 30. h4 b5 31. axb5+ Kxb5 32. Nd6+ Bxd6 33. exd6 Bxb3 34.
Rc1 Kc6 35. d7 a4 36. Bc3 f6 37. Bb4 c4 38. Kf2 Rd8 39. h5 Rxd7 40. Ke3 Kd5 41.
Bf8 Rf7 42. Ba3 Rc7 43. Bb4 Rb7 44. Bf8 Ra7 45. Ba3 Rd7 46. Bf8 Ke6 47. Kf4 Kf7
48. Bc5 Rd3 49. Bb4 Kg8 50. Ke4 Kh7 51. f4 Rg3 52. Kf5 Rg2 53. g5 Bc2+ 54. Ke6
fxg5 55. fxg5 Bd3 56. Be7 g6 57. h6 Re2+ 58. Kf7 Rf2+ 59. Bf6 a3 60. Re1 Re2
61. Rxe2 Bxe2 62. Kf8 a2 63. Be5 Bd3 1/2-1/2

[Event "CCT Playoff"]
[Site "Toronto CAN"]
[Date "2023.12.09"]
[Round "1.1"]
[White "Carlsen, Magnus"]
[Black "Lazavik, Denis"]
[Result "1-0"]
[WhiteElo "2830"]
[BlackElo "2566"]
[PlyCount "110"]
[EventDate "2023.12.09"]
[EventType "tourn"]
[EventRounds "7"]
[EventCountry "CAN"]
[EventCategory "20"]
[Source "ChessMix"]
[SourceDate "2023.12.20"]

1. d4 Nf6 2. c4 e6 3. Nf3 d5 4. Nc3 Be7 5. cxd5 exd5 6. Bf4 c6 7. e3 Nh5 8. Qc2
Nxf4 9. exf4 Qd6 10. g3 O-O 11. Bd3 g6 12. h4 Na6 13. Bxa6 bxa6 14. O-O Bf5 15.
Qd2 Rfe8 16. Rfe1 Bf8 17. Ne5 f6 18. Nd3 Qd7 19. Na4 Be4 20. Ndc5 Qh3 21. Nxe4
dxe4 22. Qc2 Qe6 23. Rac1 Rad8 24. Nc5 Bxc5 25. Qxc5 Qxa2 26. Qxc6 Qxb2 27.
Qxf6 Qxd4 28. Qxd4 Rxd4 29. Rc7 Rd3 30. Kg2 e3 31. Re2 a5 32. Rxa7 Rd2 33. Rxd2
exd2 34. Rd7 a4 35. Rxd2 Ra8 36. Kf3 a3 37. Ra2 Kf7 38. Ke4 Ke6 39. Kd4 Kf5 40.
f3 h6 41. Kc4 g5 42. hxg5 hxg5 43. fxg5 Kxg5 44. Kb4 Rb8+ 45. Kxa3 Rb1 46. Rc2
Rf1 47. Rc3 Kf6 48. Kb3 Rg1 49. g4 Rf1 50. Kc2 Kg5 51. Rc5+ Kf4 52. Rf5+ Ke3
53. g5 Kd4 54. f4 Ke4 55. Rf6 Kd5 1-0

[Event "CCT Playoff"]
[Site "Toronto CAN"]
[Date "2023.12.09"]
[Round "1.1"]
[White "Caruana, Fabiano"]
[Black "Vachier-Lagrave, Maxime"]
[Result "1-0"]
[WhiteElo "2794"]
[BlackElo "2731"]
[PlyCount "109"]
[EventDate "2023.12.09"]
[EventType "tourn"]
[EventRounds "7"]
[EventCountry "CAN"]
[EventCategory "20"]
[Source "ChessMix"]
[SourceDate "2023.12.20"]

1. d4 Nf6 2. c4 g6 3. f3 d5 4. cxd5 Nxd5 5. e4 Nb6 6. Nc3 Bg7 7. Be3 O-O 8. Qd2
Nc6 9. O-O-O Qd6 10. Nb5 Qd7 11. Bh6 Bxh6 12. Qxh6 a6 13. Nc3 Nxd4 14. f4 f6
15. Nf3 e5 16. fxe5 fxe5 17. Nxe5 Qd6 18. Nf3 c5 19. Bd3 Qe7 20. Nd5 Nxd5 21.
exd5 Nxf3 22. gxf3 Bf5 23. d6 Qg7 24. Bc4+ Kh8 25. Qxg7+ Kxg7 26. Bd5 Ra7 27.
Rhe1 b6 28. Bc6 Bd7 29. Re7+ Rf7 30. Bd5 Rxe7 31. dxe7 Be8 32. Re1 Kf6 33. Re6+
Kf5 34. Rxb6 Rxe7 35. Be4+ Kf4 36. Rxa6 g5 37. Kd2 Rd7+ 38. Kc3 Rf7 39. Rh6 g4
40. fxg4 Kxe4 41. Re6+ Kd5 42. Rxe8 Rf3+ 43. Kd2 Rh3 44. Re2 Kd4 45. Kc2 c4 46.
Rd2+ Kc5 47. Rf2 h6 48. a3 Rh4 49. Rf5+ Kd4 50. Rh5 Rxg4 51. Rxh6 Rg2+ 52. Kb1
c3 53. Rh4+ Kc5 54. bxc3 Kb5 55. Rb4+ 1-0